000 00735nam0a22002291 4500
001 RU\NLR\INFOCOMM_165\5000010689
005 20250613094813.0
035 _a(NLR Aleph) 009274919
090 _a9125261
_c9125261
100 _a20100831d1889 |||y0rusy50 ca
101 0 _ager
102 _aRU
105 _ay ||||000|y
200 1 _aAuf Anlass des offenen Sendschreibens an den oberprokureur des synods Konstantin Pobedonoszeff von Hermann Dalton und des offenen Briefes an Pastor Dalton
_fVon A. D. von Friedrich Dukmeyer
210 _aSt.-Petersburg
_d1889
215 _a5 с.
700 1 _aDuKmeyer
_bF.
_gFriedrich
_4070
801 1 _aRU
_bNLR
_c20100831
801 0 _aRU
_bNLR
_gPSBO
852 _aNLR
_jЕв16
942 _cBOOK
980 _aNB